| 000 | 00647nam a2200229 a 4500 | ||
|---|---|---|---|
| 005 | 20210219153534.0 | ||
| 008 | 991125n 000 0 u | ||
| 035 | _aUPN01000105349 | ||
| 100 | _aGainen, Joanne | ||
| 222 | _aNEW DIRECTIONS FOR TEACHING AND LEARNING | ||
| 245 | _aA writing support program for junior women faculty | ||
| 300 | _a91-100 | ||
| 362 | _aNo. 53, 1993 | ||
| 505 | _aAgosto 1993 | ||
| 653 | 0 | _aAPOYO SOCIAL | |
| 653 | 0 | _aDIFUSION PRODUCTIVA DE LA FACULTAD | |
| 653 | 0 | _aFACULTAD COLEGIAL | |
| 653 | 0 | _aMEJORAMIENTO DE LA ESCRITURA | |
| 653 | 0 | _aMUJERES DOCENTES | |
| 904 |
_aAC _b043160 |
||
| 905 | _aArticulo | ||
| 999 |
_c79446 _d79446 |
||